Logo CIB grande

CAPITAL BASE DE DATOS FINANCIERA ECUATORIANA (Registro nro. 219955)

Detalles MARC
000 -LEADER
campo de control de longitud fija 00665nam a2200253Ia 4500
005 - FECHA Y HORA DE LA ÚLTIMA TRANSACCIÓN
campo de control 20250425161956.0
008 - DATOS DE LONGITUD FIJA--INFORMACIÓN GENERAL
campo de control de longitud fija 250425s9999 xx 000 0 und d
041 ## - CÓDIGO DE IDIOMA
Código de lengua del texto/banda sonora o título independiente spa
043 ## - CÓDIGO DE ÁREA GEOGRÁFICA
Código de área geográfica ec
082 ## - NÚMERO DE LA CLASIFICACIÓN DECIMAL DEWEY
Número de clasificación 332.64
010 ## - NÚMERO DE CONTROL DE LA BIBLIOTECA DEL CONGRESO
Número de control de LC 38261
100 ## - ENTRADA PRINCIPAL--NOMBRE DE PERSONA
Nombre de persona BOLSA DE VALORES, DE GUAYAQUIL
245 #0 - MENCIÓN DEL TÍTULO
Título CAPITAL BASE DE DATOS FINANCIERA ECUATORIANA
250 ## - MENCION DE EDICION
Mención de edición S.E.
260 ## - PUBLICACIÓN, DISTRIBUCIÓN, ETC.
Lugar de publicación, distribución, etc. Ecuador
Nombre del editor, distribuidor, etc. BOLSA DE VALORES DE GUAYAQUIL
Fecha de publicación, distribución, etc. 2001
260 ## - PUBLICACIÓN, DISTRIBUCIÓN, ETC.
Lugar de publicación, distribución, etc. GUAYAQUIL
300 ## - DESCRIPCIÓN FÍSICA
Extensión 151
650 ## - PUNTO DE ACCESO ADICIONAL DE MATERIA--TÉRMINO DE MATERIA
Término de materia o nombre geográfico como elemento de entrada BOLSA DE VALORES-INVERSIONES
650 ## - PUNTO DE ACCESO ADICIONAL DE MATERIA--TÉRMINO DE MATERIA
Término de materia o nombre geográfico como elemento de entrada EMPRESAS
650 ## - PUNTO DE ACCESO ADICIONAL DE MATERIA--TÉRMINO DE MATERIA
Término de materia o nombre geográfico como elemento de entrada ESTADOS FINANCIEROS
650 ## - PUNTO DE ACCESO ADICIONAL DE MATERIA--TÉRMINO DE MATERIA
Término de materia o nombre geográfico como elemento de entrada MERCADO DE VALORES
710 ## - ENTRADA AGREGADA--NOMBRE DE ENTIDAD CORPORATIVA
Nombre de entidad corporativa o nombre de jurisdicción como elemento de entrada BOLSA DE VALORES DE GUAYAQUIL
942 ## - ELEMENTOS DE ENTRADA SECUNDARIOS (KOHA)
Tipo de ítem Koha Libros
Existencias
Estatus retirado Estado de pérdida Estado de daño No para préstamo Biblioteca de origen Biblioteca actual Fecha de adquisición Coste, precio normal de compra Total de préstamos Código de barras Copia número Ubicación en estantería Nota pública
        ESCUELA DE NEGOCIOS ESCUELA DE NEGOCIOS 13/08/2001 4.00   DP-01926 1    
        ESCUELA DE NEGOCIOS ESCUELA DE NEGOCIOS 13/08/2001 4.00   DP-01929 2    
        ESCUELA DE NEGOCIOS ESCUELA DE NEGOCIOS 13/08/2001 4.00   DP-01930 3    
        ESCUELA DE NEGOCIOS ESCUELA DE NEGOCIOS 13/08/2001 4.00   D-P 01927 4   DONADO
        ESCUELA DE NEGOCIOS ESCUELA DE NEGOCIOS 13/08/2001 4.00   D-P 01928 5   DONADO

Copyright 2025 ESPOL. Todos los derechos reservados.